000
00393nam a22001697a 4500
003
MPLRDC
005
20220104152619.0
008
210129b ||||| |||| 00| 0 eng d
082
_a
578.2 MZ
100
_a
梅之
245
_a
从华盛顿到北京
_c
250
_a
初版
260
_a
_b
七十年代杂志社
_c
1973
300
_b
平
650
_a
中国外交
942
_c
BK
_o
578.2 MZ
999
_c
52993
_d
52983